Učitavanje...

THREE AGES: AN ESSAY ON ARCHAEOLOGICAL METHOD

Bibliografski detalji
Glavni autor: DANIEL, GLYN E
Format: Printed Book
Izdano: CAMBRIDGE CAMBRIDGE 1943
Teme:
LEADER 00630nam a2200229 4500
020 |c 0.0 
082 |a 913 DAN 
100 |a DANIEL, GLYN E 
245 |a THREE AGES: AN ESSAY ON ARCHAEOLOGICAL METHOD  |h ENGLISH 
250
260 |a CAMBRIDGE  |b CAMBRIDGE  |c 1943 
300
500 |a   
501 |a General 
538
590
630
650 |a THREE AGES-- AN ESSAY ON ARCHAEOLOGICAL METHOD 
700
942 |c BK 
999 |c 179369  |d 179369 
952 |0 0  |1 0  |4 0  |6 913_000000000000000_DAN  |7 0  |9 192732  |a AGY  |b AGY  |g 0.00  |l 0  |o 913 DAN  |p AGY3578  |r 2019-10-25  |w 2019-10-25  |y BK